Návrh opatrení na udržateľné zlepšovanie spokojnosti zamestnancov v podniku ŽOS Trnava, a.s.

Guardado en:
Detalles Bibliográficos
Autor principal: Vallová, Simona (Autor)
Otros Autores: Gyurák Babeľová, Zdenka (Orientador)
Formato: Manuscrito Libro
Lenguaje:eslovaco
Publicado: 2020
Materias:
Acceso en línea:http://is.stuba.sk/zp/portal_zp.pl?podrobnosti=141424
Etiquetas: Agregar Etiqueta
Sin Etiquetas, Sea el primero en etiquetar este registro!

MARC

LEADER 00000ntm a22000003a 4500
001 stuzp78473
003 SK-STU
005 20200718210937.1
007 ta
008 150427s2015----xo-----f-mn---000-0-slo-d
040 |a STU  |b slo 
041 0 |a slo 
100 1 |a Vallová, Simona  |u 064000  |4 aut  |U MTF Materiálovotechnologická fakulta  |T MTF Ústav priemyselného inžinierstva a manažmentu  |X 91497  |U M4000  |Y 84  |7 91497 
242 0 1 |a Proposal of measures for sustainable improvement of employee satisfaction in ŽOS Trnava, a.s.  |y eng 
245 1 0 |a Návrh opatrení na udržateľné zlepšovanie spokojnosti zamestnancov v podniku ŽOS Trnava, a.s. 
260 |c 2020 
650 4 |a spokojnosť  |2 slo 
650 4 |a pracovná spokojnosť  |2 slo 
650 4 |a zamestnanci  |2 slo 
650 4 |a motivácia  |2 slo 
650 4 |a práca  |2 slo 
650 4 |a employees  |2 eng 
650 4 |a job  |2 eng 
650 4 |a job satisfaction  |2 eng 
650 4 |a motivation  |2 eng 
650 4 |a satisfaction  |2 eng 
700 1 |a Gyurák Babeľová, Zdenka  |u 064000  |k Z1  |4 ths  |U MTF Materiálovotechnologická fakulta  |T MTF Ústav priemyselného inžinierstva a manažmentu  |X 4411  |U M4000  |Y 84  |7 A000004411 
856 4 |u http://is.stuba.sk/zp/portal_zp.pl?podrobnosti=141424 
996 |c M* BP-9004  |l MMSKP  |s P  |a 0  |w stuzp78473_0001